[Event "IRI-chT S2 17th"]
[Site "Tehran"]
[Date "2019.04.18"]
[Round "6.2"]
[White "Mosadeghpour, Masoud"]
[Black "Rahmatian, Shayan"]
[Result "1/2-1/2"]
[WhiteElo "2534"]
[BlackElo "1991"]
[PlyCount "139"]
[EventDate "2019.04.15"]
[EventType "team-swiss"]
[EventRounds "7"]
[EventCountry "IRI"]
[SourceTitle "CBM 189 Extra"]
[Source "ChessBase"]
[SourceDate "2019.06.03"]
[SourceVersion "1"]
[SourceVersionDate "2019.06.03"]
[SourceQuality "1"]
[WhiteTeam "Tehran Saipa"]
[BlackTeam "Hamedan Heyat Shatranj"]
[WhiteTeamCountry "IRI"]
[BlackTeamCountry "IRI"]

1. e4 c6 2. d4 d5 3. Nd2 g6 4. Ngf3 Bg7 5. c3 Nh6 6. Bd3 0-0 7. 0-0 b6 8. Re1 Bb7 9. a4 Nd7 10. a5 Rc8 11. axb6 axb6 12. Ra7 Rc7 13. exd5 cxd5 14. Nf1 Qb8 15. Ra3 Qd8 16. Bf4 Rc8 17. Ra7 Bc6 18. Qe2 e6 19. Bg5 Qe8 20. Ba6 Ra8 21. Rc7 Nf6 22. Ne5 Ba4 23. Rb7 Rb8 24. Rxb8 Qxb8 25. Ra1 Be8 26. Ng3 Nf5 27. Nxf5 gxf5 28. Bb5 Qb7 29. f3 h6 30. Bh4 Nh5 31. Bxe8 Rxe8 32. Qa6 Qc7 33. Qa7 Bxe5 34. dxe5 Qc4 35. Bf2 b5 36. Qd7 Rf8 37. Qe7 Qe2 38. Qh4 Qxb2 39. Rf1 Ng7 40. Qxh6 Ra8 41. Qe3 Rc8 42. Be1 Rc4 43. f4 Re4 44. Qf3 Re2 45. h3 Qc2 46. Bh4 Qe4 47. Qg3 Qe3+ 48. Kh2 Qxg3+ 49. Kxg3 Rc2 50. Rf3 Kf8 51. Re3 Ke8 52. Kf3 Kd7 53. g4 Kc6 54. Be7 fxg4+ 55. hxg4 Ne8 56. f5 Kd7 57. f6 Nc7 58. Bc5 Rc1 59. g5 Rg1 60. Kf4 d4 61. Rg3 Nd5+ 62. Kf3 Rxg3+ 63. Kxg3 dxc3 64. g6 c2 65. gxf7 c1Q 66. f8Q Qf4+ 67. Kh3 Qf5+ 68. Kh4 Qf4+ 69. Kh3 Qf3+ 70. Kh4 1/2-1/2

[Event "Hamedan 5th"]
[Site "Hamedan"]
[Date "2013.??.??"]
[Round "7.4"]
[White "Rahmatian, Shayan"]
[Black "Taghvaei, Soheila"]
[Result "1-0"]
[WhiteElo "1733"]
[BlackElo "1450"]
[PlyCount "56"]
[EventDate "2013.12.30"]
[EventType "tourn"]
[EventRounds "11"]
[EventCountry "IRI"]
[SourceTitle "EXT 2024"]
[Source "ChessBase"]
[SourceDate "2023.10.10"]
[SourceVersion "1"]
[SourceVersionDate "2023.10.10"]
[SourceQuality "1"]

1. Nf3 d5 2. g3 Nc6 3. Bg2 e5 4. d3 Bb4+ 5. c3 Bc5 6. 0-0 Nf6 7. d4 exd4 8. cxd4 Bd6 9. Nc3 0-0 10. Bg5 h6 11. Bxf6 Qxf6 12. Nxd5 Qe6 13. Nxc7 Bxc7 14. d5 Qf6 15. dxc6 Qxb2 16. cxb7 Bxb7 17. Rb1 Qxa2 18. Rxb7 Rfd8 19. Qb1 Qa5 20. Rb5 Qc3 21. Rc1 Qa3 22. Rxc7 Qa4 23. Rc1 a6 24. Rb4 Qd7 25. Ne5 Qe6 26. Bxa8 Rxa8 27. Rb8+ Rxb8 28. Qxb8+ Kh7 1-0